banner-ar

الميزان: علم العروض كما لم بعرض من قبل / (Record no. 51800)

MARC details
000 -الفاتح
حقل البيانات ثابتة الطول 00614nam a2200193Ia 4500
008 - عناصر البيانات ثابتة الطول - معلومات عامة
حقل البيانات ثابتة الطول 140319s9999 xx 000 0 ara d
040 ## - مصدر الفهرسة
وكالة الفهرسة الأصلية GCL /
وكالة النسخ GCL
082 04 - رقم تصنيف ديوى العشرى
رقم التصنيف 416
رقم المادة م م
100 1# - المدخل الرئيسى - إسم شخصى
الإسم الشخصى محجوب موسى
245 10 - بيان العنوان
العنوان الميزان: علم العروض كما لم بعرض من قبل /
بيان المسئوليه,etc محجوب موسى
300 ## - الوصف المادى
التعداد 430 ص
490 ## - بيان السلسلة
عنوان السلسلة سلسلة كتب غيرمسبوقة - 3 -
رقم المجلد/ التعيين التسلسلي 0
650 04 - المدخل الاضافى بالموضوع-مصطلح موضوعى
مصطلح موضوعي الاوزان الشعرية
650 04 - المدخل الاضافى بالموضوع-مصطلح موضوعى
مصطلح موضوعي اللغة العربية
650 04 - المدخل الاضافى بالموضوع-مصطلح موضوعى
مصطلح موضوعي البلاغة العربية
650 04 - المدخل الاضافى بالموضوع-مصطلح موضوعى
مصطلح موضوعي العروض والقوافى
942 ## - عناصر المدخل الإضافي( كوها)
مصدر التصنيف او مخطط الترفيف Dewey Decimal Classification
Koha [default] item type كتاب
Holdings
حالة التراجع حالة الفقد حالة تلف ليس للاعارة المكان المؤقت الموقع الحالى تاريخ الاكتساب اجمالي اﻻعارات رقم الطلب الباركود تاريخ اخر مشاهدة تاريخ تفعيل السعر نوع وعاء كوها
        مكتبة القاهرة الكبرى مكتبة القاهرة الكبرى 03/26/2014   416\م م 123953 03/26/2014 03/26/2014 كتاب
        مكتبة القاهرة الكبرى مكتبة القاهرة الكبرى 03/26/2014   416\م م 123954 03/26/2014 03/26/2014 كتاب

Powered By

EGPV